000 00336nam a2200157Ia 4500
100 _aParekh/Ranjan
650 _aMultimedia
942 _cBK
366 _f25
245 _aPrinciples of Multimedia
260 _bTata Mc Graw hill Ltd.
_c2006
082 _a4.65
_bPAR
300 _a727
546 _aENGLISH
_cComputers
999 _c34963
_d34963